| 000 | 00572nam a22002177a 4500 | ||
|---|---|---|---|
| 003 | OSt | ||
| 005 | 20140310184251.0 | ||
| 008 | 121113t xxu||||| |||| 00| 0 eng d | ||
| 020 | _a0590474073 | ||
| 050 |
_aQC 944.2 _b.L38 1996 |
||
| 100 |
_aLauber, Patricia _912661 |
||
| 245 |
_aHurricanes : _bEarth's Mightiest Storms/ _cby Patricia Lauber |
||
| 260 |
_aNew York: _bScholastic Inc., _c1996. |
||
| 300 |
_a64 p. : _bill. col. ; _c22 cm. |
||
| 521 | _aG8 | ||
| 526 | _c930 | ||
| 942 |
_2lcc _cBK-SCHOLAS |
||
| 999 |
_c33374 _d33374 |
||